000 00497nam a22001337a 4500
020 _a9787213056796
082 _a338.52
_bPOU
100 _aPoundstone, William
245 _aPriceless :
_bthe myth of fair value (and how to take advantage of it) Chinese Edition /
_cWilliam Poundstone and Translated by [ MEI ] WEI LIAN PANG DE SI TONG
260 _aChina :
_bZhejiang People's Publishing House,
_c2013.
300 _a273 p. ;
_c23 cm.
880 _6245-02\r
_a无价 /
942 _2ddc
_cBK
999 _c591797
_d591797